Las Médulas / (Record no. 176769)

MARC details
000 -LEADER
campo de control de longitud fija 00904nam a22002655i 4500
001 - NÚMERO DE CONTROL
campo de control 176769
003 - IDENTIFICADOR DE NÚMERO DE CONTROL
campo de control ES-MaACL
005 - FECHA Y HORA DE LA ÚLTIMA TRANSACCIÓN
campo de control 20230906220157.0
008 - DATOS DE LONGITUD FIJA--INFORMACIÓN GENERAL
campo de control de longitud fija 110208s2009 sp ao |||| | spa d
020 ## - NÚMERO INTERNACIONAL ESTÁNDAR DEL LIBRO
Número Internacional Estándar del Libro 978-84-95662-33-0
080 ## - NÚMERO DE LA CLASIFICACIÓN DECIMAL UNIVERSAL
Número de la Clasificación Decimal Universal 622.342(460.181 Médulas)(091)
080 ## - NÚMERO DE LA CLASIFICACIÓN DECIMAL UNIVERSAL
Número de la Clasificación Decimal Universal 913(460.181 Médulas)
245 04 - MENCIÓN DEL TÍTULO
Título Las Médulas /
Mención de responsabilidad, etc. Manuel Silva Suárez ... [et al.].
260 ## - PUBLICACIÓN, DISTRIBUCIÓN, ETC.
Lugar de publicación, distribución, etc. Madrid :
Nombre del editor, distribuidor, etc. Real Academia de Ingeniería,
Fecha de publicación, distribución, etc. D. L. 2009.
300 ## - DESCRIPCIÓN FÍSICA
Extensión 2 v. :
Otras características físicas il. col. y n. ;
Dimensiones 21 cm.
490 1# - MENCIÓN DE SERIE
Mención de serie Homenajes ;
Designación de volumen o secuencia 3
500 ## - NOTA GENERAL
Nota general Guardados en estuche.
505 80 - NOTA DE CONTENIDO CON FORMATO
Nota de contenido con formato Contiene: T.II. Homenaje a las minas de oro de "Las Médulas"
650 #4 - PUNTO DE ACCESO ADICIONAL DE MATERIA--TÉRMINO DE MATERIA
Término de materia o nombre geográfico como elemento de entrada Minas de oro-
Subdivisión geográfica León (Provincia)-
Subdivisión de forma Historia.
9 (RLIN) 145100
651 #4 - PUNTO DE ACCESO ADICIONAL DE MATERIA--NOMBRE GEOGRÁFICO
Nombre geográfico Las Médulas-
Subdivisión general Descripción.
9 (RLIN) 145101
700 1# - ENTRADA AGREGADA--NOMBRE PERSONAL
Nombre de persona Silva, Manuel.
9 (RLIN) 106377
830 0# - PUNTO DE ACCESO ADICIONAL DE SERIE-TÍTULO UNIFORME
Título uniforme Homenajes ;
Designación de volumen o secuencia 3
9 (RLIN) 190228
852 ## - LOCALIZACIÓN
Ubicación ES-MaACL
Número de control de estantería E-14242-43
Holdings
Estatus retirado Estado de pérdida Estado de daño No para préstamo Biblioteca de origen Biblioteca actual Ubicación en estantería Fecha de adquisición Fuente de adquisición Total de préstamos Signatura topográfica completa Código de barras Visto por última vez Precio de reemplazo Tipo de ítem Koha
        Biblioteca del Ateneo de Madrid Biblioteca del Ateneo de Madrid Depósito 2 08/02/2011     E-14242-43 1185661 23/02/2023 23/02/2023 Libro impreso